Финансовый менеджмент: учебное пособие

Λεπτομέρειες βιβλιογραφικής εγγραφής
Κύριος συγγραφέας: Найденова Р. И. Раиса Ивановна
Άλλοι συγγραφείς: Виноходова А. Ф. Анна Федоровна
Περίληψη:Учебная дисциплина «Финансовый менеджмент» направлена на формирование целостной системы знаний о финансовых отношениях в хозяйственном процессе, финансовом механизме, технологии управления финансовой деятельностью хозяйствующего субъекта. В учебном пособии рассмотрены теоретические и практические аспекты финансового менеджмента, методика анализа и прогнозирования движения денежных потоков, позволит получить навыки диагностики и прогнозирования текущего финансового состояния предприятий в различных сферах предпринимательства. Подробно освещаются особенности финансового менеджмента в условиях различных организационно-правовых форм хозяйствования и отраслевой принадлежности. Изложение материала основано на системном подходе, ключевые разделы пособия содержат методические основы формирования и анализа финансовых показателей. Книга предназначена для студентов и преподавателей экономических вузов, работников экономических и финансовых служб компаний, а также всех специалистов, занимающихся проблемами финансового менеджмента.
Исключено из фонда НТБ ТПУ
Γλώσσα:Ρωσικά
Έκδοση: Старый Оскол, ТНТ, 2008
Σειρά:Тонкие наукоемкие технологии
Μορφή: MixedMaterials Βιβλίο
KOHA link:https://koha.lib.tpu.ru/cgi-bin/koha/opac-detail.pl?biblionumber=156784

MARC

LEADER 00000nam0a2200000 4500
001 156784
005 20231031153406.0
010 |a 9785941781515  |b 250 экз. 
021 |a RU  |b 08-12473  |9 08-680 
035 |a (RuTPU)RU\TPU\book\170032 
090 |a 156784 
100 |a 20080331d2008 m y0rusy5002 ca 
101 0 |a rus 
102 |a RU 
105 |a y j 001zy 
200 1 |a Финансовый менеджмент  |e учебное пособие  |f Р. И. Найденова, А. Ф. Виноходова 
210 |a Старый Оскол  |c ТНТ  |d 2008 
215 |a 278 с.  |d 20 см. 
225 1 |a Тонкие наукоемкие технологии 
320 |a Библиогр.: с. 255-258. 
330 |a Учебная дисциплина «Финансовый менеджмент» направлена на формирование целостной системы знаний о финансовых отношениях в хозяйственном процессе, финансовом механизме, технологии управления финансовой деятельностью хозяйствующего субъекта. В учебном пособии рассмотрены теоретические и практические аспекты финансового менеджмента, методика анализа и прогнозирования движения денежных потоков, позволит получить навыки диагностики и прогнозирования текущего финансового состояния предприятий в различных сферах предпринимательства. Подробно освещаются особенности финансового менеджмента в условиях различных организационно-правовых форм хозяйствования и отраслевой принадлежности. Изложение материала основано на системном подходе, ключевые разделы пособия содержат методические основы формирования и анализа финансовых показателей. Книга предназначена для студентов и преподавателей экономических вузов, работников экономических и финансовых служб компаний, а также всех специалистов, занимающихся проблемами финансового менеджмента. 
333 |a Исключено из фонда НТБ ТПУ 
686 |a У9(2)261.11я73  |v LBC/SL-A  |2 rubbk 
700 1 |a Найденова  |b Р. И.  |g Раиса Ивановна  |4 070 
701 1 |a Виноходова  |b А. Ф.  |g Анна Федоровна  |4 070 
801 1 |a RU  |b 63413507  |c 20090330  |g PSBO 
801 2 |a RU  |b 63413507  |c 20210204  |g PSBO 
942 |c BK 
959 |a 42/20090330  |d 2  |e 245,00  |f АНЛ:1  |f ЧЗГЛ:1